000 01003cam a22002651 4500
001 l 51000112
003 DLC
005 20260227111542.0
008 820823s1951 dcu 000 0 eng c
010 _al 51000112
035 _a(OCoLC)8712128
040 _aU.S. Dept. of Labor. Library
_cMBU
_dDLC
042 _apremarc
050 0 0 _aLAW <United States 8 Bureau of Labor Statistics>
082 _a331.2154
110 1 _aUnited States.
_bBureau of Labor Statistics.
245 1 0 _aCost of living wage adjustments in collective bargaining;
_brecent developments, texts of selected escalator clauses, brief description of the Consumer's price index.
_c[Prepared in the Bureau's Division of Industrial Relations by Nelson M. Bortz and James C. Nix]
250 _aRev.
260 _a[Washington]
_c1951.
300 _a20 p.
_c27 cm.
500 _aCover title.
650 0 _aWages
_xCost-of-living adjustments
_zUnited States.
700 1 _aBortz, Nelson Markley.
700 1 _aNix, James Charles.
999 _c36737
_d36737